000 00514nam a2200193Ia 4500
003 GCL
008 140319s9999 xx 000 0 eng d
040 _aGCL /
_cGCL
082 0 4 _a681.767.7
_bG H
100 1 _aGROVER, ELLIOT B.
245 1 0 _aHANDBOOK OF TEXTILE TESTING AND QUALITY CONTROL /
_cGROVER, ELLIOT B.
700 1 _aHAMBY, D. S.
260 _a[S.N] :
_bWILEY EASTERN LIMITED ،
_c1993
300 _a614\P
650 0 4 _aTEXTILE
650 0 4 _aQUALITY
650 0 4 _aMANUFACTURING
942 _2ddc
_cBK
999 _c20207
_d20207